000 00493nam a2200181 4500
003 SEACOMMC
005 20250412122119.0
008 240918b |||||||| |||| 00| 0 eng d
020 _a978-125-906475-3
_cRs.350.00
040 _aSEACOMMC
082 _a004.6
_bF727
100 _a Forouzan, Behrouz A
245 1 _aData Communications and Networking
_cBehrouz A Forouzan
250 _a4th ed.
260 _a New Delhi
_bTata McGraw Hill
_c 2006
650 _aData communications
942 _cBOOK
999 _c561
_d561